| 000 | 00555nam a2200169 a 4500 | ||
|---|---|---|---|
| 008 | 120416s1957 ||||||||||||||||| || u | ||
| 050 | _aTK 7871 Lar | ||
| 100 | _aNewell, F.H | ||
| 245 | 1 | 0 | _aTransistors work like this |
| 260 |
_aLondon: _bPhoenix House _c1957 |
||
| 300 | _a64p. : ill. | ||
| 350 | _a0.00 | ||
| 650 | 0 | _aELECTRONICS | |
| 650 | _aTRANSISTOR CIRCUITS | ||
| 700 | _aLarsen, Egon | ||
| 995 |
_D0.00 _FCBU-MAIN LIBRARY (Kitwe) _H1 _I1.60 _M1 _UAVAILABLE _ZAnnex Low-Usage Collection |
||
| 999 |
_c60316 _d60316 |
||